Good food / (Record no. 5391)

MARC details
000 -LEADER
fixed length control field 00918nam a22003017a 4500
001 - CONTROL NUMBER
control field 5391
003 - CONTROL NUMBER IDENTIFIER
control field FISKH
005 - DATE AND TIME OF LATEST TRANSACTION
control field 20241202084058.0
008 - FIXED-LENGTH DATA ELEMENTS--GENERAL INFORMATION
fixed length control field 241202b cb ||||| |||| 00| 0 eng d
020 ## - INTERNATIONAL STANDARD BOOK NUMBER
International Standard Book Number 9780516249698
040 ## - CATALOGING SOURCE
Original cataloging agency FISKH
Language of cataloging eng
Transcribing agency FISKH
Modifying agency FISKH
050 ## - LIBRARY OF CONGRESS CALL NUMBER
Classification number PZ7.R2594
082 ## - DEWEY DECIMAL CLASSIFICATION NUMBER
Classification number 363
100 ## - MAIN ENTRY--PERSONAL NAME
Personal name Reggier, DeMar
245 ## - TITLE STATEMENT
Title Good food /
Statement of responsibility, etc. Written by DeMar Reggier Illustrated by David Austin Clar
250 ## - EDITION STATEMENT
Edition statement 2005
260 ## - PUBLICATION, DISTRIBUTION, ETC.
Place of publication, distribution, etc. Canada :
Name of publisher, distributor, etc. Children's press,
Date of publication, distribution, etc. 2005.
300 ## - PHYSICAL DESCRIPTION
Extent 31 pages :
Other physical details Color illustrations ;
Dimensions 21 cm
505 ## - FORMATTED CONTENTS NOTE
Formatted contents note E<br/>
520 ## - SUMMARY, ETC.
Summary, etc. A boy grocery shops for nutritious food with his father, and together they cook dinner for the family.
521 8# - TARGET AUDIENCE NOTE
Target audience note 220L<br/>
Source Lexile<br/>
521 8# - TARGET AUDIENCE NOTE
Target audience note E<br/>
Source Raz-Plus<br/>
650 ## - SUBJECT ADDED ENTRY--TOPICAL TERM
Source of heading or term Grocery shopping
Topical term or geographic name entry element Food habits
650 ## - SUBJECT ADDED ENTRY--TOPICAL TERM
Source of heading or term Cooking
Topical term or geographic name entry element Big book
700 ## - ADDED ENTRY--PERSONAL NAME
Personal name Clar, Austin David
Dates associated with a name Illustrations
942 ## - ADDED ENTRY ELEMENTS (KOHA)
Source of classification or shelving scheme Dewey Decimal Classification
Koha item type Books
Suppress in OPAC No
Holdings
Withdrawn status Lost status Source of classification or shelving scheme Damaged status Not for loan Collection Home library Current library Shelving location Date acquired Total Checkouts Full call number Barcode Date last seen Copy number Price effective from Koha item type
    Dewey Decimal Classification     Fiction Footprints International School Library Network Toul Kork Campus Footprints International School Library Network Toul Kork Campus TK Primary Library Room(4th Floor), Bookcase 7, Shelves 57-60, Dark Green Books 12/02/2024   REG 363 PZ7.R2594 FISTK02684 12/02/2024 1 12/02/2024 Books